Malaysian tax policy : applied general equilibrium analysisi

Bibliographic Details
Main Author: Bardai, Barjoyai
Format: Book
Published: Petaling Jaya : Pelanduk Publ. , 1993
Subjects:

MARC

LEADER 00000cam a2200000 7i4500
001 0000009103
005 20150910.0
020 |a 9679784207 
040 |a INS 
090 0 0 |a HJ2950.6   |b B37 1993 
100 0 |a Bardai, Barjoyai 
245 0 0 |a Malaysian tax policy :   |b applied general equilibrium analysisi   |c Barjoyai Bardai 
260 |a Petaling Jaya :   |b Pelanduk Publ. ,   |c 1993 
300 |a 306p ;   |c 22cm. 
650 0 |a Taxation   |z Malaysia 
650 0 0 |a Taxation   |z Malaysia   |x Mathematical models 
999 |a 0000022053   |b BOOK   |c Open Shelf   |e Default branch